Statistics for Randomized Alphabet

Click here to take the quiz!

General Stats

  • This quiz has been taken 38 times
  • The average score is 22 of 26

Answer Stats

HintAnswer% Correct
aa
100%
bb
100%
cc
100%
dd
100%
ee
100%
ff
100%
gg
100%
hh
100%
ii
100%
jj
96%
kk
96%
ll
96%
nn
96%
mm
93%
oo
93%
pp
86%
qq
86%
ss
79%
rr
75%
tt
71%
uu
64%
vv
61%
ww
50%
xx
46%
yy
43%
zz
39%

Score Distribution

Percentile by Number Answered

Percent of People with Each Score

Your Score History

You have not taken this quiz